Radio resource management for wireless networks / (Include CD) (Record no. 176084)

000 -LEADER
fixed length control field 01426 a2200253 4500
003 - CONTROL NUMBER IDENTIFIER
control field Nust
005 - DATE AND TIME OF LATEST TRANSACTION
control field 20251030101347.0
010 ## - LIBRARY OF CONGRESS CONTROL NUMBER
LC control number 00065068
020 ## - INTERNATIONAL STANDARD BOOK NUMBER
International Standard Book Number 1580531466 (alk. paper)
040 ## - CATALOGING SOURCE
Transcribing agency Nust
082 00 - DEWEY DECIMAL CLASSIFICATION NUMBER
Classification number 621.3845,ZAN
100 1# - MAIN ENTRY--PERSONAL NAME
Personal name Zander, Jens.
9 (RLIN) 131637
245 10 - TITLE STATEMENT
Title Radio resource management for wireless networks / (Include CD)
Statement of responsibility, etc. Jens Zander, Seong-Lyun Kim ; with software authors, Magnus Almgren, Olav Queseth.
260 ## - PUBLICATION, DISTRIBUTION, ETC.
Place of publication, distribution, etc. Boston :
Name of publisher, distributor, etc. Artech House,
Date of publication, distribution, etc. c2001.
300 ## - PHYSICAL DESCRIPTION
Extent xiii, 378 p. :
Other physical details ill. ;
Dimensions 24 cm. +
Accompanying material 1 computer optical disc (4 3/4 in.)
440 #0 - SERIES STATEMENT/ADDED ENTRY--TITLE
Title Artech House mobile communications series
9 (RLIN) 398
505 ## - FORMATTED CONTENTS NOTE
Formatted contents note Introduction (Page-1), Link Performance in Interference Channel (Page-11), Wireless Network Models (Page-53), Principals of Cellular Systems (Page-69), Handover and Mobility (Page-121), Transmitter Power Control (Page-151), Dynamic Channel Allocation (Page-187), Orthogonal Frequency Hopping (Page-211), DS-SDMA in Wireless Networks (Page-229), Resource Management in Packet Access Systems (Page-259), Cell-Planning (Page-297), Some Fundamentals of wireless Infrastructure Economic (Page-307).
650 #0 - SUBJECT ADDED ENTRY--TOPICAL TERM
Topical term or geographic name entry element Radio resource management (Wireless communications)
9 (RLIN) 131638
650 #0 - SUBJECT ADDED ENTRY--TOPICAL TERM
Topical term or geographic name entry element Telecommunication
General subdivision Traffic
-- Management.
9 (RLIN) 94487
650 #0 - SUBJECT ADDED ENTRY--TOPICAL TERM
Topical term or geographic name entry element Wireless communication systems.
9 (RLIN) 594
651 ## - SUBJECT ADDED ENTRY--GEOGRAPHIC NAME
Geographic name (Include CD)
9 (RLIN) 8953
700 1# - ADDED ENTRY--PERSONAL NAME
Personal name Kim, Seong-Lyun.
9 (RLIN) 131639
942 ## - ADDED ENTRY ELEMENTS (KOHA)
Koha item type Reference
Source of classification or shelving scheme
Holdings
Withdrawn status Lost status Source of classification or shelving scheme Damaged status Not for loan Permanent Location Current Location Shelving location Date acquired Full call number Barcode Date last seen Price effective from Koha item type Public note
          Military College of Signals (MCS) Military College of Signals (MCS) Reference 12/12/2016 621.3845,ZAN MCS30814 12/08/2016 12/12/2016 Reference Almirah No.23, Shelf No.4
© 2023 Central Library, National University of Sciences and Technology. All Rights Reserved.